Estrategia en ingeniería de procesos / (Record no. 133350)

MARC details
000 -LEADER
campo de control de longitud fija 00824nam a2200241 4500
001 - NÚMERO DE CONTROL
campo de control 133350
003 - IDENTIFICADOR DE NÚMERO DE CONTROL
campo de control ES-MaACL
005 - FECHA Y HORA DE LA ÚLTIMA TRANSACCIÓN
campo de control 20250815114028.0
007 - CAMPO FIJO DE DESCRIPCIÓN FÍSICA--INFORMACIÓN GENERAL
campo de control de longitud fija t|
008 - DATOS DE LONGITUD FIJA--INFORMACIÓN GENERAL
campo de control de longitud fija 070214s1976 sp r ||||1| spa d
100 1# - ENTRADA PRINCIPAL--NOMBRE DE PERSONA
Nombre de persona Rudd, Dale F.
9 (RLIN) 100479
245 10 - MENCIÓN DEL TÍTULO
Título Estrategia en ingeniería de procesos /
Mención de responsabilidad, etc. Dale F. Rudd, Charles C. Watson ; versión de José Costa López : con la colaboración de José L. Sotelo.
250 ## - MENCION DE EDICION
Mención de edición 1ª ed.
260 ## - PUBLICACIÓN, DISTRIBUCIÓN, ETC.
Lugar de publicación, distribución, etc. Madrid :
Nombre del editor, distribuidor, etc. Alhambra,
Fecha de publicación, distribución, etc. 1976.
300 ## - DESCRIPCIÓN FÍSICA
Extensión XIII, 546 p. :
Otras características físicas il. ;
Dimensiones 21 cm.
490 1# - MENCIÓN DE SERIE
Mención de serie Temas selectos de Química
700 1# - ENTRADA AGREGADA--NOMBRE PERSONAL
Nombre de persona Watson, Charles C.
9 (RLIN) 116179
700 1# - ENTRADA AGREGADA--NOMBRE PERSONAL
Nombre de persona Costa López, José.
9 (RLIN) 41103
700 1# - ENTRADA AGREGADA--NOMBRE PERSONAL
Nombre de persona Sotelo Sancho, José Luis.
9 (RLIN) 107461
830 00 - PUNTO DE ACCESO ADICIONAL DE SERIE-TÍTULO UNIFORME
Título uniforme Temas selectos de química
9 (RLIN) 219723
852 ## - LOCALIZACIÓN
Ubicación ES-MaACL
Número de control de estantería A-6555
Sublocalización o colección R.95241
Holdings
Estatus retirado Estado de pérdida Estado de daño No para préstamo Biblioteca de origen Biblioteca actual Ubicación en estantería Fecha de adquisición Fuente de adquisición Total de préstamos Signatura topográfica completa Código de barras Visto por última vez Precio de reemplazo Tipo de ítem Koha
        Biblioteca del Ateneo de Madrid Biblioteca del Ateneo de Madrid Sala Pecera Planta 1 17/01/2008     A-6555 1138822 23/02/2023 23/02/2023 Libro impreso